00365nam a2200121Ia 45000010005000000080041000050820012000461000027000582450102000852600015001879010026002029990015002282144241024s9999 xx 000 0 und d aT/EDU/4 aPeralta G. Blanca Iris 0aEvaluación de los programas de asignaturas de la carrera de Licenciatura en Educación Inicial bUASDc2003 a6/3/2012 2:01:08 p.m. c7525d7525